000 00642nam a2200229Ia 4500
003 OSt
005 20220923230801.0
006 a|||||r|||| 00| 0
007 ta
008 Pun
024 _a305,499
037 _cTextual
040 _aARTS
_cARTS
_bPun
041 _2Pun
_aPun
082 _aQ8441, 153K9
100 _aਸਰਦੂਲ ਸਿੰਘ; ਵਗ਼ੀਰ ਸਿੰਘ, ਥਦ.
_9169176
245 0 _aਸਿੱਖ ਧਰਮ ਦਰFਨ
260 _c1969
650 _aਧਰਮ
942 _hQ8441, 153K9
_cTEXL
_2CC
999 _c387291
_d387291